000 00583cam a2200145 4500500
005 20260208002441.0
041 _afre
042 _adc
100 1 0 _aMasset, Claude
_eauthor
245 0 0 _aAlan Barnard & Jonathan Spencer, eds, The Routledge Encyclopedia of Social and Cultural Anthropology, Second edition. London-New York, Routledge, 2010, 855 p., gloss., index
260 _c2011.
500 _a44
786 0 _nL'Homme | 200 | 4 | 2011-11-01 | p. 227a-228a | 0439-4216
856 4 1 _uhttps://shs.cairn.info/revue-l-homme-2011-4-page-227a?lang=fr&redirect-ssocas=7080
999 _c1646425
_d1646425